Skrytá reklama, nebo plnění zpravodajské povinnosti? Rozvoj podnikání, právo a konflikty hodnot.
Zákon č. 468/1991 Zb., o prevádzkovaní rozhlasového a televízneho vysielania vymedzuje aj povinnosti prevádzkovateľov vznikajúce v súvislosti s vysielaním reklám. V § 6 je zakázaná skrytá reklama a tiež reklama, ktorá využíva podprahové vnímanie človeka. Zákaz krytej reklamy chráni spotrebiteľa, pri...
Gespeichert in:
| 1. Verfasser: | |
|---|---|
| Format: | Buchkapitel |
| Sprache: | Tschechisch |
| Schlagworte: | |
| Tags: |
Keine Tags, Fügen Sie das erste Tag hinzu!
|
MARC
| LEADER | 00000naa a2200000 4500 | ||
|---|---|---|---|
| 001 | r007381 | ||
| 005 | 20240221133833.3 | ||
| 041 | 0 | |a cze | |
| 044 | |a [CS] | ||
| 245 | 1 | 0 | |a Skrytá reklama, nebo plnění zpravodajské povinnosti? |b Rozvoj podnikání, právo a konflikty hodnot. |c P. Hajn |
| 520 | |a Zákon č. 468/1991 Zb., o prevádzkovaní rozhlasového a televízneho vysielania vymedzuje aj povinnosti prevádzkovateľov vznikajúce v súvislosti s vysielaním reklám. V § 6 je zakázaná skrytá reklama a tiež reklama, ktorá využíva podprahové vnímanie človeka. Zákaz krytej reklamy chráni spotrebiteľa, prispieva k rovnosti konkurenčných podmienok. Vysvetlenie pojmu plnenie spravodajskej povinnosti spojenej s právom verejnosti na informácie. | ||
| 610 | 2 | 0 | |a reklama |
| 610 | 2 | 0 | |a rozhlas |
| 610 | 2 | 0 | |a televízia |
| 610 | 2 | 0 | |a zákony |
| 610 | 2 | 0 | |a ČSFR |
| 610 | 2 | 0 | |a 1991 |
| 100 | 1 | |a Hajn, P. | |